header

Philippa Fisher's Fairy Godsister (Record no. 260861)

MARC details
000 -LEADER
fixed length control field 00252nam a22001097a 4500
020 ## - INTERNATIONAL STANDARD BOOK NUMBER
ISBN 9780545208147
100 ## - MAIN ENTRY--AUTHOR NAME
Personal name Liz Kessler
245 ## - TITLE STATEMENT
Title Philippa Fisher's Fairy Godsister
260 ## - PUBLICATION, DISTRIBUTION, ETC. (IMPRINT)
Place of publication New York
Name of publisher Scholastic
Year of publication 2007
300 ## - PHYSICAL DESCRIPTION
Number of Pages 274 pgs.
942 ## - ADDED ENTRY ELEMENTS (KOHA)
Koha item type Long Loan Books
Holdings
Withdrawn status Lost status Collection code Home library Current library Shelving location Date acquired Accession Number Koha item type
    Fiction Rongo University Library Rongo University Library Children's Area 09/10/2023 CL20211310 Long Loan Books

© 2026 Rongo University
Contact us: librarian | system librarian | Rongo university